[Event "2BLS 2122 TSV Schönaich - SV 1947 Wall"]
[Site "?"]
[Date "2022.05.14"]
[Round "5.7"]
[White "Fichter, Fabian"]
[Black "Menezes, Christoph"]
[Result "1/2-1/2"]
[WhiteElo "2229"]
[BlackElo "2421"]
[PlyCount "49"]
[EventDate "2022.??.??"]

1. e4 e5 2. Nf3 Nc6 3. Nc3 Nf6 4. d4 exd4 5. Nxd4 Bb4 6. Nxc6 bxc6 7. Bd3 O-O
8. O-O d5 9. exd5 Bg4 10. Ne2 cxd5 11. h3 Bh5 12. c4 c6 13. Qc2 Bxe2 14. Bxe2
Re8 15. Bf3 Qd6 16. a3 Bc5 17. b4 Bd4 18. Bb2 Bxb2 19. Qxb2 Rab8 20. cxd5 cxd5
21. Rfd1 a5 22. Bxd5 axb4 23. axb4 Nxd5 24. Rxd5 Qxb4 25. Qxb4 1/2-1/2

[Event "2BLS 2122 TSV Schönaich - SV 1947 Wall"]
[Site "?"]
[Date "2022.05.14"]
[Round "5.8"]
[White "Brunner, Jan"]
[Black "Weber, Marc"]
[Result "1/2-1/2"]
[WhiteElo "2177"]
[BlackElo "2193"]
[PlyCount "50"]
[EventDate "2022.??.??"]

1. d4 d5 2. c4 c6 3. Nf3 Nf6 4. e3 e6 5. b3 Bd6 6. Bd3 Nbd7 7. Bb2 O-O 8. Nbd2
c5 9. Ne5 b6 10. O-O Bb7 11. cxd5 Bxd5 12. Nxd7 Nxd7 13. Nc4 Qg5 14. g3 Be7 15.
Rc1 Rfd8 16. Qe2 cxd4 17. exd4 Nf6 18. Ne5 Rac8 19. Bc4 Bd6 20. Rfe1 Qf5 21.
Ba6 Rxc1 22. Bxc1 Bxe5 23. dxe5 Bf3 24. Qc4 Nd5 25. Qd4 h5 1/2-1/2

[Event "2BLS 2122 Stuttgarter SF - SV Worms 187"]
[Site "?"]
[Date "2022.05.14"]
[Round "5.1"]
[White "Karsay, Pascal"]
[Black "Macovei, Andrei"]
[Result "0-1"]
[WhiteElo "2317"]
[BlackElo "2453"]
[PlyCount "144"]
[EventDate "2022.??.??"]

1. Nf3 Nf6 2. c4 g6 3. Nc3 Bg7 4. e4 d6 5. d4 O-O 6. Be2 e5 7. Be3 Ng4 8. Bg5
f6 9. Bc1 Nc6 10. O-O f5 11. dxe5 Ngxe5 12. Nxe5 Bxe5 13. exf5 Bxf5 14. Be3 Qh4
15. g3 Qf6 16. Nd5 Qg7 17. Qd2 Bh3 18. Rfe1 Bd4 19. Rad1 Bxe3 20. Qxe3 Rae8 21.
Qc3 Qxc3 22. Nxc3 Nb4 23. Rc1 Bf5 24. Red1 h5 25. Bf1 Bg4 26. Re1 a6 27. f4 Kf7
28. a3 Rxe1 29. Rxe1 Nc2 30. Rc1 Nd4 31. Ne4 Re8 32. Ng5+ Kf6 33. Kf2 c5 34.
Re1 Rxe1 35. Kxe1 Bf3 36. Kf2 Bc6 37. Bd3 b5 38. Ke3 Nf5+ 39. Kd2 bxc4 40. Bxc4
a5 41. Bd3 Nd4 42. Kc3 Nb5+ 43. Kd2 Nc7 44. Nh7+ Kg7 45. Ng5 d5 46. Nf3 Be8 47.
Be2 Ne6 48. b3 Kf6 49. Kc3 Nc7 50. Ne5 a4 51. Nd3 Nb5+ 52. Kb2 Nd4 53. Bd1 Nxb3
54. Bxb3 axb3 55. Nxc5 Kf5 56. h3 h4 57. gxh4 Kxf4 58. Nxb3 Kg3 59. Kc3 Kxh4
60. Nd4 Kxh3 61. Ne6 Kg4 62. Kd4 Bc6 63. Ke5 g5 64. Kf6 Kh4 65. Nd4 Ba8 66. Kf5
g4 67. Kf4 Kh3 68. Ne2 Bc6 69. Ke3 g3 70. a4 Bxa4 71. Ng1+ Kh2 72. Nf3+ Kh1 0-1

[Event "2BLS 2122 Stuttgarter SF - SV Worms 187"]
[Site "?"]
[Date "2022.05.14"]
[Round "5.2"]
[White "Kvetny, Mark"]
[Black "Ollenberger, Roland"]
[Result "1/2-1/2"]
[WhiteElo "2425"]
[BlackElo "2266"]
[PlyCount "103"]
[EventDate "2022.??.??"]

1. d4 Nf6 2. c4 e6 3. Nc3 Bb4 4. e3 O-O 5. Bd3 Re8 6. Bd2 b6 7. Nf3 Bb7 8. O-O
d6 9. a3 Bxc3 10. Bxc3 Nbd7 11. Nd2 e5 12. d5 e4 13. Bc2 c6 14. dxc6 Bxc6 15.
Nb3 Ne5 16. Nd4 Bb7 17. b3 Nfg4 18. Bxe4 Qh4 19. h3 Nxe3 20. Bxh7+ Kxh7 21.
fxe3 Qg5 22. Qc2+ Kg8 23. Nf5 Bc6 24. Nxd6 Qxe3+ 25. Kh2 Nf3+ 26. Rxf3 Bxf3 27.
Nxe8 Rxe8 28. Re1 Be2 29. Qd2 Qe7 30. Qd4 f6 31. Bb4 Qf7 32. a4 Re6 33. Qd8+
Qf8 34. Qd5 Qb8+ 35. Kg1 Qe5 36. Qxe5 Rxe5 37. Bc3 Re8 38. a5 Bh5 39. Rxe8+
Bxe8 40. Bd4 bxa5 41. Bxa7 Bf7 42. Bb6 a4 43. bxa4 Bxc4 44. g4 Kf7 45. Kf2 Ke6
46. h4 g6 47. Ke3 f5 48. Kd4 Be2 49. gxf5+ Kxf5 50. Bd8 Ke6 51. Kc5 Kd7 52. Bg5
1/2-1/2

[Event "2BLS 2122 Stuttgarter SF - SV Worms 187"]
[Site "?"]
[Date "2022.05.14"]
[Round "5.3"]
[White "Muranyi, Karl-Jasmin"]
[Black "Benkovic, Petar"]
[Result "1/2-1/2"]
[WhiteElo "2334"]
[BlackElo "2361"]
[PlyCount "56"]
[EventDate "2022.??.??"]

1. d4 Nf6 2. c3 e6 3. Bf4 b6 4. e3 Bb7 5. h3 d6 6. Nf3 Nbd7 7. Be2 g6 8. O-O
Bg7 9. a4 a5 10. Nbd2 O-O 11. Bh2 Qe7 12. Qb3 e5 13. Qa3 Ne4 14. Nxe4 Bxe4 15.
Rfd1 Bb7 16. dxe5 Nxe5 17. Nxe5 Bxe5 18. Bxe5 Qxe5 19. Qb3 Qg5 20. Bf1 Rfe8 21.
Qc4 Re7 22. Qg4 Qe5 23. Qd4 Qg5 24. Qg4 Qe5 25. Qd4 Rae8 26. Qxe5 Rxe5 27. Rd4
Kg7 28. g3 Rd8 1/2-1/2

[Event "2BLS 2122 Stuttgarter SF - SV Worms 187"]
[Site "?"]
[Date "2022.05.14"]
[Round "5.4"]
[White "Neyman, Igor"]
[Black "Feldmann, Johannes"]
[Result "1/2-1/2"]
[WhiteElo "2362"]
[BlackElo "2213"]
[PlyCount "145"]
[EventDate "2022.??.??"]

1. d4 e6 2. c4 Nf6 3. Nf3 Bb4+ 4. Nbd2 O-O 5. g3 d5 6. Qc2 b6 7. Bg2 Bb7 8. O-O
Re8 9. Rd1 Nbd7 10. Nb3 Bf8 11. Bf4 c5 12. Ne5 cxd4 13. cxd5 Nxe5 14. Bxe5 Rc8
15. Qd2 Bxd5 16. Qxd4 Bxg2 17. Qxd8 Rexd8 18. Rxd8 Rxd8 19. Bxf6 gxf6 20. Kxg2
f5 21. Rc1 Rd7 22. e3 Bg7 23. Kf3 Bf6 24. Rc2 Rd5 25. Nd2 b5 26. Ke2 Kg7 27.
Nb3 Rd6 28. Nc1 a5 29. Nd3 a4 30. Rc5 Rb6 31. b3 axb3 32. axb3 Be7 33. Rc7 Bd6
34. Rd7 Kf8 35. f3 Ke8 36. Ra7 Rc6 37. Kd2 b4 38. Ra4 Rc3 39. Nxb4 Rxb3 40. Nd3
Kf8 41. Ra6 Bb4+ 42. Ke2 Be7 43. e4 fxe4 44. fxe4 Ra3 45. Rxa3 Bxa3 46. Kf3 Kg7
47. Kf4 Kg6 48. h3 Bd6+ 49. Kf3 Bc7 50. h4 Bb8 51. Kg4 f5+ 52. exf5+ exf5+ 53.
Kf3 Bd6 54. Nb2 Kf6 55. Nc4 Bc7 56. Ne3 Bd6 57. Nd5+ Ke6 58. Nc3 Kf6 59. Ne2
Bc7 60. Ng1 Bd6 61. Nh3 h6 62. Nf2 Bc7 63. Nd3 Bd6 64. Nc1 Be5 65. Ne2 Bd6 66.
Nd4 Be5 67. Nc2 Bc7 68. Ne3 Bd6 69. g4 fxg4+ 70. Kxg4 h5+ 71. Kxh5 Bg3 72. Kg4
Bxh4 73. Kxh4 1/2-1/2

[Event "2BLS 2122 Stuttgarter SF - SV Worms 187"]
[Site "?"]
[Date "2022.05.14"]
[Round "5.5"]
[White "Musiolik, David"]
[Black "Strunski, Andreas"]
[Result "0-1"]
[WhiteElo "2220"]
[BlackElo "2320"]
[PlyCount "46"]
[EventDate "2022.??.??"]

1. e4 c5 2. Nf3 e6 3. d4 cxd4 4. Nxd4 Nc6 5. Nc3 Qc7 6. Nxc6 bxc6 7. Bd3 d5 8.
O-O Nf6 9. Qf3 a6 10. Bg5 Be7 11. Rfe1 Bb7 12. e5 Ng8 13. Qg4 h5 14. Qf4 c5 15.
Bxe7 Nxe7 16. b4 c4 17. Bf1 Nf5 18. Na4 d4 19. Be2 Rh6 20. h4 Rg6 21. Bxh5 Qc6
22. Kf1 Qxg2+ 23. Ke2 Ng3+ 0-1

[Event "2BLS 2122 Stuttgarter SF - SV Worms 187"]
[Site "?"]
[Date "2022.05.14"]
[Round "5.6"]
[White "Beyer, Christian"]
[Black "Martin, Mike"]
[Result "1-0"]
[WhiteElo "2301"]
[BlackElo "2124"]
[PlyCount "85"]
[EventDate "2022.??.??"]

1. d4 e6 2. Nf3 d5 3. Bf4 Ne7 4. e3 Ng6 5. Bg3 Bd6 6. c4 O-O 7. Nc3 c6 8. Bd3
dxc4 9. Bxc4 Bxg3 10. hxg3 Nd7 11. Qe2 e5 12. Nxe5 Ngxe5 13. dxe5 Qe7 14. f4 g6
15. Ne4 b5 16. O-O-O Nxe5 17. fxe5 Qxe5 18. Bd3 Be6 19. Kb1 h5 20. Qf2 Rad8 21.
Qf4 Qxf4 22. gxf4 Kg7 23. Bc2 Bd5 24. Rhg1 Rfe8 25. Rd4 f5 26. Nc3 Rxe3 27.
Rgd1 Rg3 28. R1d2 Re8 29. Nxd5 cxd5 30. Bb3 Re1+ 31. Kc2 h4 32. Bxd5 Rf1 33.
Bc6 a6 34. b4 Rg4 35. Bf3 Rg3 36. Rd7+ Kh6 37. Rd8 h3 38. R2d7 g5 39. Rd6+ Kg7
40. R8d7+ Kf8 41. Rh6 Rf2+ 42. Kd3 gxf4 43. Rh8+ 1-0

[Event "2BLS 2122 Stuttgarter SF - SV Worms 187"]
[Site "?"]
[Date "2022.05.14"]
[Round "5.7"]
[White "Schluchter, Steffen"]
[Black "Schwarzburger, Lothar"]
[Result "1-0"]
[WhiteElo "2060"]
[BlackElo "2183"]
[PlyCount "93"]
[EventDate "2022.??.??"]

1. d4 d5 2. Bf4 e6 3. e3 Nf6 4. Nd2 Bd6 5. Bg3 O-O 6. Bd3 c5 7. c3 Nc6 8. Ngf3
Qe7 9. Ne5 Nd7 10. f4 f5 11. Ndf3 cxd4 12. exd4 Ndxe5 13. fxe5 Bc7 14. O-O Bd7
15. Bh4 Qe8 16. Qc2 Rc8 17. Kh1 Qh5 18. Qe2 h6 19. Be1 Ne7 20. c4 Bc6 21. Bb4
Rfe8 22. Bxe7 Rxe7 23. c5 g5 24. b4 Be8 25. a4 Bg6 26. a5 Rg7 27. b5 Bd8 28. b6
axb6 29. axb6 f4 30. Nd2 Qh4 31. Bxg6 Rxg6 32. Ra3 g4 33. Rxf4 Qg5 34. Qf2 Qe7
35. Rg3 Qg7 36. Ra3 h5 37. Qe2 Bg5 38. Rf2 Bh4 39. Rf4 Bg5 40. Rf2 Bh4 41. Rf1
Bg5 42. Ra7 Bxd2 43. Qxd2 Qd7 44. Qf2 g3 45. hxg3 Qg7 46. Ra3 Rg4 47. Rf3 1-0

[Event "2BLS 2122 Stuttgarter SF - SV Worms 187"]
[Site "?"]
[Date "2022.05.14"]
[Round "5.8"]
[White "Fritsch, Rolf"]
[Black "Niekisch, Dirk"]
[Result "1/2-1/2"]
[WhiteElo "2175"]
[BlackElo "1720"]
[PlyCount "81"]
[EventDate "2022.??.??"]

1. d4 Nf6 2. Nf3 g6 3. c4 Bg7 4. g3 O-O 5. Bg2 c5 6. d5 d6 7. Nc3 e6 8. O-O Na6
9. dxe6 fxe6 10. e4 e5 11. Nb5 Ne8 12. Be3 Be6 13. b3 Bf6 14. Qd2 Nac7 15. Ng5
Qe7 16. Nxe6 Nxe6 17. b4 Nd4 18. bxc5 dxc5 19. Nc3 Rd8 20. Nd5 Qe6 21. Rab1 Rd7
22. Bxd4 exd4 23. f4 Bg7 24. Qd3 Nd6 25. e5 Nf5 26. Rb5 b6 27. a4 Kh8 28. a5
Rb8 29. Rfb1 Rdb7 30. a6 Rd7 31. Rxc5 Bf8 32. Rc7 Rxc7 33. Nxc7 Qd7 34. Nb5 Bc5
35. Bd5 Ne3 36. e6 Qg7 37. Kh1 Rd8 38. Qe4 Ng4 39. Kg2 Ne3+ 40. Kf3 g5 41. Ke2
1/2-1/2

[Event "2BLS 2122 SG Speyer-Schwegenheim - SC E"]
[Site "?"]
[Date "2022.05.14"]
[Round "5.1"]
[White "Noe, Christopher"]
[Black "Oleksiyenko, Mykhaylo"]
[Result "1/2-1/2"]
[WhiteElo "2510"]
[BlackElo "2590"]
[PlyCount "60"]
[EventDate "2022.??.??"]

1. d4 d5 2. c4 c6 3. Nc3 Nf6 4. e3 Bf5 5. cxd5 cxd5 6. Qb3 Bc8 7. f4 Nc6 8. Nf3
e6 9. Bd3 Be7 10. O-O O-O 11. Qd1 Ne8 12. Ne5 Nd6 13. Bd2 Bd7 14. Rf3 g6 15.
Rc1 Be8 16. Rh3 Rc8 17. Qg4 Nf5 18. Bxf5 exf5 19. Qf3 Nxe5 20. fxe5 Bc6 21. Ne2
Bd7 22. Rxc8 Bxc8 23. Nf4 Be6 24. Rh6 Bg5 25. Qh3 Bxh6 26. Qxh6 Qe7 27. Nh5
gxh5 28. Bb4 Qxb4 29. Qg5+ Kh8 30. Qf6+ Kg8 1/2-1/2

[Event "2BLS 2122 SG Speyer-Schwegenheim - SC E"]
[Site "?"]
[Date "2022.05.14"]
[Round "5.2"]
[White "Iturrizaga Bonelli, Eduardo"]
[Black "Mesaros, Florian"]
[Result "1-0"]
[WhiteElo "2594"]
[BlackElo "2424"]
[PlyCount "69"]
[EventDate "2022.??.??"]

1. c4 c5 2. Nf3 Nc6 3. Nc3 g6 4. e3 Nf6 5. d4 cxd4 6. exd4 d5 7. cxd5 Nxd5 8.
Qb3 Nxc3 9. Bc4 Nd5 10. Bxd5 e6 11. Bxc6+ bxc6 12. O-O Qd5 13. Qc2 Be7 14. Bh6
f6 15. Rfe1 Kf7 16. Re4 Bd7 17. Rf4 Bd6 18. Ne5+ Ke7 19. Bg7 fxe5 20. Bf6+ Ke8
21. dxe5 Bxe5 22. Rd1 Qa5 23. Qd3 Rd8 24. Bxd8 Qxd8 25. Re4 Bf6 26. Ra4 c5 27.
Rxa7 Bd4 28. Qa6 Ke7 29. b4 Qc8 30. Qb6 Rd8 31. Rc7 Qa8 32. bxc5 Qd5 33. Qd6+
Qxd6 34. cxd6+ Kxd6 35. Rxd7+ 1-0

[Event "2BLS 2122 SG Speyer-Schwegenheim - SC E"]
[Site "?"]
[Date "2022.05.14"]
[Round "5.3"]
[White "Medvegy, Zoltan"]
[Black "Hera, Imre Jr"]
[Result "1/2-1/2"]
[WhiteElo "2521"]
[BlackElo "2576"]
[PlyCount "32"]
[EventDate "2022.??.??"]

1. d4 Nf6 2. c4 e6 3. Nf3 b6 4. g3 Bb7 5. Bg2 Be7 6. O-O O-O 7. Nc3 Ne4 8. Bd2
f5 9. Ne5 Nxc3 10. Bxc3 Bxg2 11. Kxg2 Bf6 12. Qd3 d6 13. Nf3 Qd7 14. Rfe1 d5
15. cxd5 exd5 16. Rac1 Nc6 1/2-1/2

[Event "2BLS 2122 SG Speyer-Schwegenheim - SC E"]
[Site "?"]
[Date "2022.05.14"]
[Round "5.4"]
[White "Kantans, Toms"]
[Black "Guliyev, Namig"]
[Result "1/2-1/2"]
[WhiteElo "2484"]
[BlackElo "2554"]
[PlyCount "98"]
[EventDate "2022.??.??"]

1. e4 c5 2. Nf3 d6 3. Bb5+ Bd7 4. a4 Nc6 5. O-O a6 6. Bxc6 Bxc6 7. Re1 Nf6 8.
d3 e6 9. a5 Be7 10. Nbd2 O-O 11. Nc4 Nd7 12. d4 cxd4 13. Nxd4 Rc8 14. Nxc6 Rxc6
15. b3 Bf6 16. Bb2 Bxb2 17. Nxb2 Qc7 18. c4 b6 19. axb6 Rxb6 20. Na4 Rb4 21.
Re3 Rfb8 22. Rd3 Nf6 23. f3 h6 24. Rxd6 Rxb3 25. c5 Qa5 26. Rb6 R3xb6 27. cxb6
Qb5 28. Qf1 Nd7 29. Qxb5 axb5 30. Rd1 bxa4 31. Rxd7 Rxb6 32. Ra7 Rb1+ 33. Kf2
Rb2+ 34. Kg3 Ra2 35. h4 g5 36. hxg5 hxg5 37. Ra5 f6 38. Ra7 Kf8 39. f4 gxf4+
40. Kxf4 a3 41. e5 fxe5+ 42. Kxe5 Ra1 43. Kf6 Ke8 44. Kxe6 Kd8 45. Kf6 Kc8 46.
g4 Kb8 47. Ra4 a2 48. Kg7 Rg1 49. Rxa2 Rxg4+ 1/2-1/2

[Event "2BLS 2122 SG Speyer-Schwegenheim - SC E"]
[Site "?"]
[Date "2022.05.14"]
[Round "5.5"]
[White "Hacker, Jonas"]
[Black "Nemeth, Miklos"]
[Result "1/2-1/2"]
[WhiteElo "2392"]
[BlackElo "2451"]
[PlyCount "61"]
[EventDate "2022.??.??"]

1. c4 Nf6 2. Nf3 b6 3. Nc3 Bb7 4. d4 e6 5. a3 Ne4 6. Nxe4 Bxe4 7. e3 Qc8 8. Bd3
Qb7 9. Bxe4 Qxe4 10. O-O Be7 11. b4 O-O 12. Bb2 c5 13. Nd2 Qb7 14. dxc5 bxc5
15. b5 d5 16. a4 Nd7 17. Nb3 a6 18. Qg4 g6 19. Na5 Qc7 20. Nc6 Bf6 21. Bxf6
Nxf6 22. Qf4 Qxf4 23. exf4 Kg7 24. b6 Rac8 25. Ne5 Rb8 26. a5 d4 27. Rfe1 Rfc8
28. g3 Ne8 29. Nd3 Nd6 30. Re5 Nb7 31. g4 1/2-1/2

[Event "2BLS 2122 SG Speyer-Schwegenheim - SC E"]
[Site "?"]
[Date "2022.05.14"]
[Round "5.6"]
[White "Boguslawski, Oleg"]
[Black "Gibicar, Danijel"]
[Result "0-1"]
[WhiteElo "2379"]
[BlackElo "2261"]
[PlyCount "66"]
[EventDate "2022.??.??"]

1. e4 e6 2. d4 d5 3. Nc3 Bb4 4. e5 c5 5. a3 Bxc3+ 6. bxc3 Ne7 7. h4 Qc7 8. h5
h6 9. Rh3 Bd7 10. Qg4 Nf5 11. Bd2 Nc6 12. Nf3 O-O-O 13. Bd3 Rhg8 14. Kf1 c4 15.
Bxf5 exf5 16. Qf4 Ne7 17. a4 Qa5 18. Nh4 Be6 19. Bc1 g5 20. hxg6 fxg6 21. Ba3
g5 22. Qd2 Nc6 23. Nf3 g4 24. Rxh6 gxf3 25. Rxe6 Rxg2 26. Qh6 Rdg8 27. Rxc6+
Kb8 28. Bd6+ Ka8 29. Rc8+ Rxc8 30. e6 Qxc3 31. Rc1 Qxd4 32. Bg3 c3 33. Re1 Qc4+
0-1

[Event "2BLS 2122 SG Speyer-Schwegenheim - SC E"]
[Site "?"]
[Date "2022.05.14"]
[Round "5.7"]
[White "Cofmann, Veaceslav"]
[Black "Bodrozic, Tomislav"]
[Result "0-1"]
[WhiteElo "2332"]
[BlackElo "2349"]
[PlyCount "78"]
[EventDate "2022.??.??"]

1. d4 d5 2. Nc3 Nf6 3. Bf4 c5 4. e3 cxd4 5. exd4 a6 6. Nf3 Nc6 7. Ne5 Bd7 8.
Be2 e6 9. a3 Be7 10. Qd3 O-O 11. O-O Rc8 12. Rfd1 Nxe5 13. Bxe5 Ne8 14. Qg3 f6
15. Bf4 Qb6 16. Rab1 Nd6 17. Bd3 Nc4 18. Re1 Rf7 19. Qh3 f5 20. Bxc4 Rxc4 21.
Be5 Bf6 22. Qd3 Bxe5 23. dxe5 Qc5 24. Rbd1 Be8 25. Ne2 Rxc2 26. Nd4 Rxb2 27.
Rc1 Qb6 28. Rc8 Rf8 29. Rec1 Bd7 30. R8c7 Bc6 31. Re7 Re8 32. Rxe8+ Bxe8 33. h4
Bd7 34. h5 h6 35. g4 fxg4 36. Qg6 Rxf2 37. Kxf2 Qxd4+ 38. Ke1 Qe3+ 39. Kd1 Ba4+
0-1

[Event "2BLS 2122 SG Speyer-Schwegenheim - SC E"]
[Site "?"]
[Date "2022.05.14"]
[Round "5.8"]
[White "Flierl, Pascal"]
[Black "Bilchinski, Anton"]
[Result "0-1"]
[WhiteElo "2179"]
[BlackElo "2234"]
[PlyCount "110"]
[EventDate "2022.??.??"]

1. e4 g6 2. Nc3 Bg7 3. f4 c6 4. Nf3 d5 5. e5 Nh6 6. d4 Bg4 7. Be3 Nf5 8. Bf2
Qb6 9. Rb1 e6 10. Be2 Bf8 11. O-O Nd7 12. Nd2 Bxe2 13. Nxe2 h5 14. c4 Be7 15.
Qc2 Qa6 16. b3 Rc8 17. Nf3 O-O 18. c5 b6 19. b4 Ra8 20. Rfc1 Rfb8 21. Rb3 Qc8
22. a4 a6 23. Ne1 Qf8 24. Nd3 Rc8 25. Rc3 Rab8 26. g3 a5 27. bxa5 bxc5 28. dxc5
Ra8 29. Rb3 Rc7 30. Qc3 Rca7 31. Nb4 Qc8 32. a6 Nb8 33. h3 Nxa6 34. g4 Ng7 35.
Nd3 Nb8 36. Nb2 Nd7 37. Rb1 Ra5 38. Nd3 Rxa4 39. Bd4 Rc4 40. Qb2 Nxc5 41. Rb8
Rxb8 42. Qxb8 Qxb8 43. Rxb8+ Kh7 44. Bxc5 Bxc5+ 45. Nxc5 Rxc5 46. Kf2 Rc2 47.
Ke3 c5 48. Rc8 c4 49. Rc7 Ra2 50. Rxf7 Ra3+ 51. Kf2 Rxh3 52. f5 gxf5 53. Nf4
Rh4 54. Nxh5 Rxg4 55. Nf6+ Kg6 0-1

[Event "2BLS 2122 TSV Schott Mainz - SC Boeblin"]
[Site "?"]
[Date "2022.05.14"]
[Round "5.1"]
[White "Gaehwiler, Gabriel"]
[Black "Lobron, Eric"]
[Result "1-0"]
[WhiteElo "2421"]
[BlackElo "2503"]
[PlyCount "77"]
[EventDate "2022.??.??"]

1. d4 e6 2. c4 f5 3. g3 Nf6 4. Bg2 c6 5. d5 Bc5 6. Nh3 O-O 7. O-O cxd5 8. cxd5
e5 9. d6 Nc6 10. Nc3 b6 11. Na4 Kh8 12. Nxc5 bxc5 13. Be3 Bb7 14. Bxc5 Qe8 15.
f3 Nd8 16. b4 Ne6 17. Nf2 f4 18. Nd3 fxg3 19. hxg3 e4 20. Nf2 exf3 21. exf3 Nh5
22. Nh1 Rf6 23. Be3 Qg6 24. Qb1 Qf7 25. f4 Bxg2 26. Kxg2 Re8 27. Qd3 Rf5 28.
Rae1 Qg6 29. Bd2 h6 30. Rf3 Nexf4+ 31. Bxf4 Rxe1 32. Bxh6 Qxh6 33. Rxf5 Nf6 34.
Nf2 Re3 35. Qd4 Ra3 36. Ra5 Re3 37. Rxa7 Re2 38. Ra8+ Ne8 39. Qh4 1-0

[Event "2BLS 2122 TSV Schott Mainz - SC Boeblin"]
[Site "?"]
[Date "2022.05.14"]
[Round "5.2"]
[White "Krivonosov, Oleg"]
[Black "Ortmann, David"]
[Result "1-0"]
[WhiteElo "2367"]
[BlackElo "2331"]
[PlyCount "99"]
[EventDate "2022.??.??"]

1. Nf3 d5 2. d4 Nf6 3. c4 e6 4. g3 Bb4+ 5. Bd2 a5 6. Qc2 O-O 7. Bg2 c5 8. cxd5
cxd4 9. Nxd4 Qb6 10. e3 exd5 11. O-O Nc6 12. Nxc6 bxc6 13. Rc1 Rb8 14. Nc3 h5
15. Na4 Qd8 16. Bxb4 Rxb4 17. a3 Rc4 18. Qb3 Rxc1+ 19. Rxc1 h4 20. Qb6 h3 21.
Bf1 Qd7 22. Qd4 Qf5 23. Qf4 Ne4 24. Qxf5 Bxf5 25. f3 Nd2 26. Be2 d4 27. exd4
Nb3 28. Rc3 Nxd4 29. Kf2 Bc2 30. Nc5 Rb8 31. Rc4 Nxe2 32. Rxc2 Nd4 33. Rd2 Nb3
34. Nxb3 Rxb3 35. g4 c5 36. Kg3 g6 37. Rc2 f5 38. Kxh3 Kg7 39. Kg3 Kf6 40. Kf2
Ke5 41. Re2+ Kd4 42. h4 fxg4 43. fxg4 c4 44. Ke1 Kd3 45. Rh2 Ke3 46. h5 gxh5
47. gxh5 Rb8 48. h6 Rh8 49. h7 a4 50. Rh3+ 1-0

[Event "2BLS 2122 TSV Schott Mainz - SC Boeblin"]
[Site "?"]
[Date "2022.05.14"]
[Round "5.3"]
[White "Hirneise, Jens"]
[Black "Balcerak, Jakob"]
[Result "0-1"]
[WhiteElo "2314"]
[BlackElo "2478"]
[PlyCount "94"]
[EventDate "2022.??.??"]

1. e4 c5 2. Nf3 d6 3. d4 cxd4 4. Nxd4 Nf6 5. Nc3 a6 6. Be3 e5 7. Nf3 Qc7 8. a4
Be7 9. a5 Be6 10. Nd5 Bxd5 11. exd5 Nbd7 12. c4 O-O 13. Nd2 Bd8 14. Be2 b6 15.
axb6 Qb8 16. Qb3 Bxb6 17. Bxb6 Nxb6 18. O-O Nbd7 19. Qa3 a5 20. Nb1 Nc5 21. Nc3
Nb3 22. Rad1 Nd4 23. Bd3 Qb6 24. Nb5 Nxb5 25. cxb5 Rac8 26. Ra1 e4 27. Bb1 Qxb5
28. Qxd6 Qxb2 29. Ra2 Qb5 30. Qa3 Ra8 31. Rd1 Rfd8 32. Rad2 Rab8 33. Ba2 Qb4
34. Qe3 Qd6 35. h3 a4 36. Ra1 Rb4 37. Qc3 h6 38. Rc1 Rdb8 39. g3 R4b6 40. Rd4
a3 41. Ra4 Qd7 42. Qc4 Qxh3 43. Qf1 Qh5 44. Rxa3 Rb2 45. d6 Ng4 46. Qg2 Rxf2
47. Qxf2 Nxf2 0-1

[Event "2BLS 2122 TSV Schott Mainz - SC Boeblin"]
[Site "?"]
[Date "2022.05.14"]
[Round "5.4"]
[White "David, Alexandru-Vasile"]
[Black "Seitz, Patrick"]
[Result "1-0"]
[WhiteElo "2439"]
[BlackElo "2193"]
[PlyCount "61"]
[EventDate "2022.??.??"]

1. d4 Nf6 2. c4 c5 3. d5 e6 4. Nc3 exd5 5. cxd5 d6 6. e4 g6 7. Nge2 Bg7 8. Ng3
O-O 9. Be2 b6 10. O-O Ba6 11. Bg5 h6 12. Be3 Bxe2 13. Qxe2 a6 14. a4 Nbd7 15.
f4 Re8 16. Rad1 h5 17. e5 Ng4 18. Nce4 Nxe3 19. Qxe3 h4 20. Ne2 Bf8 21. e6 fxe6
22. dxe6 Nf6 23. f5 d5 24. Nxf6+ Qxf6 25. Rxd5 c4 26. Qe4 Bc5+ 27. Kh1 Ra7 28.
Nf4 Rg7 29. Qxc4 h3 30. Nxh3 gxf5 31. e7 1-0

[Event "2BLS 2122 TSV Schott Mainz - SC Boeblin"]
[Site "?"]
[Date "2022.05.14"]
[Round "5.5"]
[White "Mueller, Ralf"]
[Black "Cicak, Slavko"]
[Result "1-0"]
[WhiteElo "2341"]
[BlackElo "2486"]
[PlyCount "123"]
[EventDate "2022.??.??"]

1. d4 Nf6 2. c4 g6 3. Nf3 Bg7 4. g3 O-O 5. Bg2 d6 6. O-O Bd7 7. Nc3 Qc8 8. e4
Bg4 9. Bg5 Nc6 10. Qd2 Nd7 11. d5 Nce5 12. Nxe5 Nxe5 13. f3 Bh3 14. b3 Re8 15.
Be3 c5 16. Bh6 Bh8 17. g4 Bxg2 18. Kxg2 a6 19. Rac1 Qc7 20. Qe2 e6 21. h4 b5
22. cxb5 c4 23. dxe6 fxe6 24. bxc4 Qxc4 25. Qxc4 Nxc4 26. bxa6 Rxa6 27. Rf2 Rb8
28. Nb5 Ra4 29. Rfc2 d5 30. exd5 exd5 31. Nc7 Bb2 32. Rd1 Bg7 33. Bc1 d4 34.
Ne6 Bf6 35. g5 Bh8 36. Nc5 Na3 37. Re2 Ra7 38. Rde1 Bg7 39. Bf4 Rc8 40. Re8+
Rxe8 41. Rxe8+ Kf7 42. Rb8 Nc4 43. Kf1 Bf8 44. Nb7 Ke6 45. Rxf8 Rxb7 46. Rd8
Rd7 47. Rxd7 Kxd7 48. Ke2 Kc6 49. a4 Kd5 50. Bd2 Ne5 51. f4 Nd7 52. a5 Nc5 53.
Kf3 Na6 54. Be1 Nc5 55. Bb4 Na6 56. Bf8 Nc7 57. Bg7 Na6 58. f5 gxf5 59. h5 Nc7
60. Bxd4 Kxd4 61. g6 hxg6 62. h6 1-0

[Event "2BLS 2122 TSV Schott Mainz - SC Boeblin"]
[Site "?"]
[Date "2022.05.14"]
[Round "5.6"]
[White "Goebel, Constantin"]
[Black "Tran, Thanh Kien"]
[Result "1-0"]
[WhiteElo "2259"]
[BlackElo "2159"]
[PlyCount "59"]
[EventDate "2022.??.??"]

1. e4 c5 2. Nf3 d6 3. d4 cxd4 4. Nxd4 Nf6 5. Nc3 a6 6. f4 e5 7. Nf3 Nbd7 8. a4
Be7 9. Bc4 Qa5 10. Bd2 O-O 11. Qe2 Qc7 12. O-O exf4 13. Bxf4 Ne5 14. Bb3 Be6
15. Kh1 Ng6 16. Be3 Qa5 17. Bxe6 fxe6 18. Qc4 d5 19. Qb3 Bc5 20. Bd4 Ng4 21.
Qxb7 Bxd4 22. Nxd4 dxe4 23. Qxe4 Qh5 24. h3 N6e5 25. Nxe6 Qh4 26. Nxf8 Rxf8 27.
Rxf8+ Kxf8 28. Rf1+ Ke7 29. Rf4 h5 30. Rxg4 1-0

[Event "2BLS 2122 TSV Schott Mainz - SC Boeblin"]
[Site "?"]
[Date "2022.05.14"]
[Round "5.7"]
[White "Vujic, Branimir"]
[Black "Gohil, Harry"]
[Result "1-0"]
[WhiteElo "2274"]
[BlackElo "2247"]
[PlyCount "109"]
[EventDate "2022.??.??"]

1. d4 Nf6 2. Nf3 g6 3. e3 Bg7 4. Be2 O-O 5. O-O d6 6. c4 c5 7. b3 Nc6 8. Bb2
Bf5 9. Nbd2 Rb8 10. a3 Ne4 11. Nxe4 Bxe4 12. Ra2 e5 13. dxc5 dxc5 14. Bc3 Qe7
15. Rd2 Rfd8 16. Qa1 f5 17. Rfd1 Bxf3 18. Rxd8+ Rxd8 19. Rxd8+ Nxd8 20. Bxf3 e4
21. Bxg7 Qxg7 22. Qxg7+ Kxg7 23. Bd1 Kf6 24. f4 exf3 25. Bxf3 b6 26. Bd5 Ne6
27. Kf2 Nc7 28. Bc6 Ke5 29. h4 Kd6 30. Bb7 Ne8 31. Kf3 Ke5 32. Bc6 Nf6 33. Bb7
a5 34. Bc6 h6 35. Bb7 g5 36. hxg5 hxg5 37. Bc6 g4+ 38. Ke2 Kd6 39. Bb7 Nh5 40.
Kf2 f4 41. exf4 Nxf4 42. Kg3 Ne2+ 43. Kxg4 Nd4 44. Kh5 Nxb3 45. g4 Nd4 46. g5
Ke5 47. Bc8 Nc6 48. g6 Kf6 49. Kh6 Ne5 50. g7 Nf7+ 51. Kh7 Ng5+ 52. Kg8 a4 53.
Bd7 Kg6 54. Be8+ Kf6 55. Kh8 1-0

[Event "2BLS 2122 TSV Schott Mainz - SC Boeblin"]
[Site "?"]
[Date "2022.05.14"]
[Round "5.8"]
[White "Sinitsina, Anastassia"]
[Black "Martaler, Jewgeni"]
[Result "1-0"]
[WhiteElo "2215"]
[BlackElo "2194"]
[PlyCount "49"]
[EventDate "2022.??.??"]

1. Nf3 f5 2. d3 Nf6 3. e4 d6 4. exf5 Bxf5 5. d4 g6 6. Bc4 Nc6 7. O-O Qd7 8. Nc3
O-O-O 9. d5 Ne5 10. Bb5 c6 11. dxc6 Nxc6 12. Nd4 e5 13. Bg5 Be7 14. Nxc6 bxc6
15. Ba4 Qb7 16. Qe2 h6 17. Bxf6 Bxf6 18. Qc4 Bd7 19. Rad1 Qc7 20. Rd3 Bf5 21.
Bxc6 Bxd3 22. cxd3 Bg5 23. Nd5 Qa5 24. b4 Qa3 25. Bb5+ 1-0